[Event "WCO 2016"]
[Site "?"]
[Date "2016.09.11"]
[Round "9"]
[Board "16"]
[WhiteID "1444972"]
[White "Kakulidis Ellen"]
[BlackID "6505910"]
[Black "Morera Campos Hazel Maria"]
[Result "1-0"]
[BlackElo "1822"]
[WhiteElo "1928"]
[LiveChessVersion "1.4.8"]

1. d4 {[%clk 1:30:58]} d5 {[%clk 1:30:09]} 2. c4 {[%clk 1:31:03]} c6
{[%clk 1:30:25]} 3. cxd5 {[%clk 1:31:02]} cxd5 {[%clk 1:30:42]} 4. Nf3
{[%clk 1:31:27]} Nf6 {[%clk 1:27:31]} 5. Nc3 {[%clk 1:31:50]} Nc6
{[%clk 1:24:24]} 6. Bf4 {[%clk 1:32:00]} Qb6 {[%clk 1:21:29]} 7. Na4
{[%clk 1:20:40]} Qa5+ {[%clk 1:18:36]} 8. Bd2 Qd8 {[%clk 1:17:53]} 9. Rc1
{[%clk 1:14:59]} e6 {[%clk 1:14:57]} 10. Bf4 {[%clk 0:59:40]} Bb4+
{[%clk 1:13:33]} 11. Nc3 {[%clk 0:57:58]} O-O {[%clk 1:03:23]} 12. a3
{[%clk 0:55:24]} Be7 {[%clk 0:59:31]} 13. h3 {[%clk 0:51:08]} a6 {[%clk 0:58:29]}
14. e3 {[%clk 0:46:42]} Bd6 {[%clk 0:51:30]} 15. Bxd6 {[%clk 0:46:06]} Qxd6
{[%clk 0:51:59]} 16. b4 {[%clk 0:40:54]} b5 {[%clk 0:49:58]} 17. Bd3
{[%clk 0:35:37]} Bd7 {[%clk 0:48:57]} 18. O-O {[%clk 0:35:06]} Rfc8
{[%clk 0:47:09]} 19. Nd2 {[%clk 0:34:12]} Qe7 {[%clk 0:36:33]} 20. Nb3
{[%clk 0:29:04]} e5 {[%clk 0:35:30]} 21. dxe5 {[%clk 0:23:24]} Nxe5
{[%clk 0:35:34]} 22. Nc5 {[%clk 0:20:42]} Bc6 {[%clk 0:34:44]} 23. Bf5
{[%clk 0:19:54]} Rd8 {[%clk 0:31:27]} 24. Ne2 {[%clk 0:19:42]} g6
{[%clk 0:29:08]} 25. Bb1 {[%clk 0:19:20]} Ra7 {[%clk 0:27:49]} 26. Nd4
{[%clk 0:19:37]} Ba8 {[%clk 0:28:01]} 27. Qb3 {[%clk 0:12:23]} Nc4
{[%clk 0:27:45]} 28. Rfd1 {[%clk 0:12:15]} Nd7 {[%clk 0:27:34]} 29. Nd3
{[%clk 0:10:47]} Nde5 {[%clk 0:26:34]} 30. Nxe5 {[%clk 0:07:08]} Qxe5
{[%clk 0:26:13]} 31. Nf3 {[%clk 0:07:08]} Qe7 {[%clk 0:24:19]} 32. Bd3
{[%clk 0:06:05]} Rad7 {[%clk 0:24:29]} 33. Bf1 {[%clk 0:06:16]} Rd6
{[%clk 0:23:47]} 34. Nd4 {[%clk 0:06:09]} Bb7 {[%clk 0:23:38]} 35. Rc2
{[%clk 0:03:57]} Qe8 {[%clk 0:16:20]} 36. g3 {[%clk 0:04:07]} Bc8
{[%clk 0:15:45]} 37. Bg2 {[%clk 0:04:19]} Bb7 {[%clk 0:08:28]} 38. Rc3
{[%clk 0:03:48]} Bc8 {[%clk 0:07:09]} 39. Qc2 {[%clk 0:03:36]} Qd7
{[%clk 0:05:50]} 40. Kh2 {[%clk 0:32:58]} Qc7 {[%clk 0:36:00]} 41. Ra1
{[%clk 0:24:48]} Bd7 {[%clk 0:34:48]} 42. Qe2 {[%clk 0:20:35]} Bc6
{[%clk 0:25:41]} 43. Rd1 {[%clk 0:16:47]} Be8 {[%clk 0:22:30]} 44. Nb3
{[%clk 0:15:20]} Qb6 {[%clk 0:21:06]} 45. Nc5 {[%clk 0:15:11]} Bc6
{[%clk 0:20:11]} 46. Rd4 {[%clk 0:15:04]} Qa7 {[%clk 0:16:39]} 47. Qf3
{[%clk 0:14:16]} a5 {[%clk 0:15:21]} 48. Qe2 {[%clk 0:10:34]} axb4
{[%clk 0:15:27]} 49. axb4 {[%clk 0:10:45]} Ra8 {[%clk 0:15:27]} 50. Qd1
{[%clk 0:07:01]} Nb2 {[%clk 0:14:09]} 51. Qc1 {[%clk 0:06:55]} Nc4
{[%clk 0:14:36]} 52. e4 {[%clk 0:06:46]} dxe4 {[%clk 0:13:00]} 53. Rcxc4
{[%clk 0:06:59]} Rxd4 {[%clk 0:09:51]} 54. Rxd4 {[%clk 0:07:19]} Qa2
{[%clk 0:09:25]} 55. Rd2 {[%clk 0:06:44]} Qa7 {[%clk 0:08:31]} 56. Nxe4
{[%clk 0:06:47]} Bxe4 {[%clk 0:07:58]} 57. Bxe4 {[%clk 0:07:10]} Re8
{[%clk 0:07:22]} 58. Qc6 {[%clk 0:06:21]} Re6 {[%clk 0:07:06]} 59. Qc8+
{[%clk 0:05:45]} Kg7 {[%clk 0:07:19]} 60. Qc3+ {[%clk 0:05:51]} Kh6
{[%clk 0:06:48]} 61. Bf3 {[%clk 0:04:45]} Qe7 {[%clk 0:05:43]} 62. Rd4
{[%clk 0:03:59]} f6 {[%clk 0:03:32]} 63. Qd2+ {[%clk 0:04:06]} g5
{[%clk 0:03:04]} 64. Rd7 {[%clk 0:03:30]} Qe8 {[%clk 0:02:22]} 65. Qd3
{[%clk 0:02:23]} Re7 {[%clk 0:01:45]} 66. Rxe7 {[%clk 0:02:28]} Qxe7
{[%clk 0:02:13]} 67. Qxb5 {[%clk 0:02:34]} 1-0

[Event "WCO 2016"]
[Site "?"]
[Date "2016.09.11"]
[Round "9"]
[Board "17"]
[WhiteID "9918264"]
[White "Tharushi T H D Niklesha"]
[BlackID "20500459"]
[Black "Msukwa Tupokiwe "]
[Result "1-0"]
[BlackElo "1232"]
[WhiteElo "1584"]
[LiveChessVersion "1.4.8"]

1. d4 {[%clk 1:30:43]} d5 {[%clk 1:30:24]} 2. c4 {[%clk 1:31:05]} e6
{[%clk 1:30:42]} 3. Nc3 {[%clk 1:31:26]} Nf6 {[%clk 1:30:42]} 4. cxd5
{[%clk 1:31:48]} exd5 {[%clk 1:30:57]} 5. Bg5 {[%clk 1:32:09]} Nbd7
{[%clk 1:30:25]} 6. e3 {[%clk 1:32:27]} c6 {[%clk 1:28:40]} 7. Bd3
{[%clk 1:32:48]} Be7 {[%clk 1:27:55]} 8. Nge2 {[%clk 1:33:09]} O-O
{[%clk 1:26:25]} 9. Qc2 {[%clk 1:33:25]} Re8 {[%clk 1:26:21]} 10. O-O
{[%clk 1:32:50]} Nf8 {[%clk 1:23:55]} 11. Rad1 {[%clk 1:30:20]} N6d7
{[%clk 1:17:24]} 12. Bf4 {[%clk 1:29:20]} Ng6 {[%clk 1:13:25]} 13. Nxd5
{[%clk 1:27:28]} Nxf4 {[%clk 1:08:27]} 14. Nxe7+ {[%clk 1:27:43]} Qxe7
{[%clk 1:06:57]} 15. Bxh7+ {[%clk 1:27:33]} Kh8 {[%clk 1:05:59]} 16. Nxf4
{[%clk 1:27:52]} Nf8 {[%clk 1:03:35]} 17. Bd3 {[%clk 1:27:55]} Ne6
{[%clk 0:57:34]} 18. Nxe6 {[%clk 1:27:11]} Bxe6 {[%clk 0:57:37]} 19. Qe2
{[%clk 1:26:23]} g6 {[%clk 0:53:29]} 20. Bc4 {[%clk 1:24:45]} Bxc4
{[%clk 0:49:47]} 21. Qxc4 {[%clk 1:25:00]} Kg7 {[%clk 0:46:06]} 22. Qc3
{[%clk 1:22:24]} Qf6 {[%clk 0:42:39]} 23. Rfe1 {[%clk 1:12:51]} Rad8
{[%clk 0:38:31]} 24. e4 {[%clk 1:11:56]} Kg8 {[%clk 0:36:38]} 25. Re3
{[%clk 1:07:32]} Qg7 {[%clk 0:30:16]} 26. b3 {[%clk 1:01:26]} a6 {[%clk 0:28:40]}
27. f4 {[%clk 0:58:47]} f6 {[%clk 0:22:31]} 28. Rdd3 {[%clk 0:55:24]} Kf8
{[%clk 0:21:02]} 29. e5 {[%clk 0:55:21]} f5 {[%clk 0:20:02]} 30. Rh3
{[%clk 0:55:19]} Kg8 {[%clk 0:19:09]} 31. Qc4+ {[%clk 0:55:39]} Kf8
{[%clk 0:17:16]} 32. Rh4 {[%clk 0:54:26]} Rd5 {[%clk 0:16:57]} 33. g4
{[%clk 0:53:47]} Kf7 {[%clk 0:16:45]} 34. gxf5 {[%clk 0:53:03]} gxf5+
{[%clk 0:15:29]} 35. Rg3 {[%clk 0:53:23]} Qf8 {[%clk 0:14:57]} 36. Rh7+
{[%clk 0:52:33]} 1-0

[Event "WCO 2016"]
[Site "?"]
[Date "2016.09.11"]
[Round "9"]
[Board "18"]
[WhiteID "20500327"]
[White "Nkhoma Desiderata "]
[BlackID "9906738"]
[Black "Wickramasinghe Dilhara Ishini"]
[Result "0-1"]
[BlackElo "1750"]
[WhiteElo "1375"]
[LiveChessVersion "1.4.8"]

1. e4 {[%clk 1:30:55]} c5 {[%clk 1:30:38]} 2. Nf3 {[%clk 1:30:31]} d6
{[%clk 1:30:36]} 3. d4 {[%clk 1:30:44]} cxd4 {[%clk 1:30:54]} 4. Nxd4
{[%clk 1:31:04]} Nf6 {[%clk 1:31:18]} 5. Nc3 {[%clk 1:27:10]} g6 {[%clk 1:31:37]}
6. Be2 {[%clk 1:26:24]} Bg7 {[%clk 1:30:19]} 7. O-O {[%clk 1:26:32]} O-O
{[%clk 1:30:14]} 8. Be3 {[%clk 1:22:00]} Nc6 {[%clk 1:29:52]} 9. Nf3
{[%clk 1:20:29]} Ng4 {[%clk 1:23:35]} 10. Bd2 {[%clk 1:11:39]} Nge5
{[%clk 1:20:57]} 11. a3 {[%clk 1:06:57]} Na5 {[%clk 1:06:45]} 12. Rb1
{[%clk 1:01:06]} Nec4 {[%clk 1:02:04]} 13. h3 {[%clk 0:52:48]} Nxd2
{[%clk 1:00:03]} 14. Qxd2 {[%clk 0:53:06]} Be6 {[%clk 0:58:12]} 15. Kh2
{[%clk 0:47:51]} Bc4 {[%clk 0:51:53]} 16. Kg1 {[%clk 0:44:27]} Rc8
{[%clk 0:48:40]} 17. b4 {[%clk 0:43:30]} Bxc3 {[%clk 0:47:22]} 18. Qe3
{[%clk 0:43:05]} Bxe2 {[%clk 0:46:54]} 19. Qxe2 {[%clk 0:43:26]} Nc4
{[%clk 0:47:00]} 20. Rb3 {[%clk 0:43:07]} Bf6 {[%clk 0:46:49]} 21. Nh2
{[%clk 0:42:04]} Ne5 {[%clk 0:46:14]} 22. f4 {[%clk 0:40:54]} Qb6+
{[%clk 0:46:04]} 23. Kh1 {[%clk 0:40:29]} Nc6 {[%clk 0:45:19]} 24. Qg4
{[%clk 0:38:03]} Nd4 {[%clk 0:45:11]} 25. Rd3 {[%clk 0:36:37]} Nxc2
{[%clk 0:44:35]} 26. Nf3 {[%clk 0:36:33]} Ne3 {[%clk 0:44:20]} 27. Rxe3
{[%clk 0:34:56]} Qxe3 {[%clk 0:44:42]} 28. f5 {[%clk 0:34:23]} Rc1
{[%clk 0:43:55]} 29. Rxc1 {[%clk 0:34:02]} Qxc1+ {[%clk 0:44:22]} 30. Kh2
{[%clk 0:34:26]} Be5+ {[%clk 0:42:02]} 31. Nxe5 {[%clk 0:34:33]} dxe5
{[%clk 0:42:30]} 32. fxg6 {[%clk 0:34:16]} hxg6 {[%clk 0:42:47]} 33. Qf3
{[%clk 0:33:55]} Rc8 {[%clk 0:42:28]} 34. Qd3 {[%clk 0:33:36]} Qf4+
{[%clk 0:42:43]} 35. Qg3 {[%clk 0:33:35]} Qxe4 {[%clk 0:42:32]} 36. Kg1
{[%clk 0:31:36]} Rc1+ {[%clk 0:42:06]} 37. Kh2 {[%clk 0:31:55]} Qd4
{[%clk 0:41:51]} 38. Qf3 {[%clk 0:31:57]} Rc3 {[%clk 0:40:16]} 39. Qe2
{[%clk 0:30:33]} Qf4+ {[%clk 0:40:36]} 40. g3 {[%clk 1:00:44]} Qxg3+
{[%clk 1:10:56]} 0-1

[Event "WCO 2016"]
[Site "?"]
[Date "2016.09.11"]
[Round "9"]
[Board "19"]
[WhiteID "9907696"]
[White "Mendis Dasuni Hansika"]
[BlackID "16400100"]
[Black "Mpinganjira Ellen"]
[Result "1/2-1/2"]
[BlackElo "1372"]
[WhiteElo "1699"]
[LiveChessVersion "1.4.8"]

1. d4 {[%clk 1:30:44]} e6 {[%clk 1:30:53]} 2. c4 {[%clk 1:31:08]} d5
{[%clk 1:31:09]} 3. Nc3 {[%clk 1:31:31]} Nf6 {[%clk 1:29:49]} 4. cxd5
{[%clk 1:31:52]} exd5 {[%clk 1:29:34]} 5. Bg5 {[%clk 1:32:16]} Be7
{[%clk 1:28:59]} 6. Qc2 {[%clk 1:31:28]} O-O {[%clk 1:27:21]} 7. e3
{[%clk 1:31:54]} c6 {[%clk 1:24:26]} 8. Bd3 {[%clk 1:32:14]} Nbd7
{[%clk 1:21:12]} 9. Nf3 {[%clk 1:32:24]} Re8 {[%clk 1:19:52]} 10. O-O
{[%clk 1:32:37]} Nf8 {[%clk 1:19:54]} 11. a3 {[%clk 1:30:27]} Nh5
{[%clk 1:17:42]} 12. Bxe7 {[%clk 1:29:46]} Qxe7 {[%clk 1:16:52]} 13. b4
{[%clk 1:29:31]} Bg4 {[%clk 1:12:09]} 14. Ne5 {[%clk 1:28:57]} Nf6
{[%clk 1:10:15]} 15. Rfe1 {[%clk 1:21:55]} Qc7 {[%clk 1:05:47]} 16. Nxd5
{[%clk 1:09:49]} Nxd5 {[%clk 1:04:19]} 17. Nxg4 {[%clk 1:10:18]} Re7
{[%clk 0:57:20]} 18. Ne5 {[%clk 1:09:34]} g6 {[%clk 0:48:06]} 19. Bc4
{[%clk 1:07:49]} Rd8 {[%clk 0:42:02]} 20. Rac1 {[%clk 1:05:36]} Qd6
{[%clk 0:40:33]} 21. Qb3 {[%clk 1:04:23]} Ne6 {[%clk 0:33:12]} 22. Bxd5
{[%clk 1:01:24]} cxd5 {[%clk 0:33:09]} 23. Nd3 {[%clk 0:55:02]} b6
{[%clk 0:32:06]} 24. Ne5 {[%clk 0:54:23]} Rc7 {[%clk 0:29:35]} 25. Qb2
{[%clk 0:52:55]} Rdc8 {[%clk 0:28:10]} 26. g3 {[%clk 0:51:05]} Ng5
{[%clk 0:26:13]} 27. f4 {[%clk 0:25:52]} Ne4 {[%clk 0:24:41]} 28. Nd3
{[%clk 0:22:53]} Qd7 {[%clk 0:19:53]} 29. Rxc7 {[%clk 0:18:56]} Rxc7
{[%clk 0:19:57]} 30. Rc1 {[%clk 0:16:19]} Rxc1+ {[%clk 0:18:17]} 31. Qxc1
{[%clk 0:16:47]} Qa4 {[%clk 0:17:29]} 32. Kg2 {[%clk 0:04:51]} Qb3
{[%clk 0:14:51]} 33. Ne5 {[%clk 0:04:47]} Qa2+ {[%clk 0:13:33]} 34. Kh3
{[%clk 0:02:30]} Nf2+ {[%clk 0:13:54]} 35. Kh4 {[%clk 0:02:59]} Ne4
{[%clk 0:13:26]} 36. Kh3 {[%clk 0:01:20]} Nf2+ {[%clk 0:13:47]} 37. Kh4
{[%clk 0:01:08]} Ne4 {[%clk 0:14:08]} 38. Kh3 {[%clk 0:00:52]} Nf2+
{[%clk 0:14:27]} 39. Kh4 {[%clk 0:01:17]} Ne4 {[%clk 0:14:42]} 40. Kh3
{[%clk 0:30:39]} Nf2+ 1/2-1/2

[Event "WCO 2016"]
[Site "?"]
[Date "2016.09.11"]
[Round "9"]
[Board "20"]
[WhiteID "16400054"]
[White "Jambo Linda"]
[BlackID "9911316"]
[Black "Saumy Zainab"]
[Result "0-1"]
[BlackElo "1688"]
[WhiteElo "1561"]
[LiveChessVersion "1.4.8"]

1. e4 {[%clk 1:30:57]} c5 {[%clk 1:30:46]} 2. Nf3 {[%clk 1:31:23]} d6
{[%clk 1:31:00]} 3. Bb5+ {[%clk 1:31:41]} Bd7 {[%clk 1:30:55]} 4. Bxd7+
{[%clk 1:32:03]} Nxd7 {[%clk 1:31:21]} 5. O-O {[%clk 1:32:20]} g6
{[%clk 1:31:16]} 6. d3 {[%clk 1:31:05]} Bg7 {[%clk 1:31:00]} 7. Nc3
{[%clk 1:31:20]} Ngf6 {[%clk 1:30:19]} 8. Be3 {[%clk 1:29:03]} a6
{[%clk 1:29:17]} 9. h3 {[%clk 1:28:31]} b5 {[%clk 1:29:23]} 10. a3
{[%clk 1:26:58]} Rc8 {[%clk 1:26:33]} 11. Ne2 {[%clk 1:25:47]} c4
{[%clk 1:25:21]} 12. Qd2 {[%clk 1:16:53]} Nc5 {[%clk 1:22:44]} 13. Bh6
{[%clk 1:08:56]} Bxh6 {[%clk 1:19:47]} 14. Qxh6 {[%clk 1:09:18]} cxd3
{[%clk 1:20:14]} 15. cxd3 {[%clk 1:04:37]} Nxd3 {[%clk 1:20:21]} 16. b4
{[%clk 1:03:58]} Qb6 {[%clk 1:16:02]} 17. Rad1 {[%clk 0:27:02]} Nb2
{[%clk 1:14:42]} 18. Rd2 {[%clk 0:23:32]} Nc4 {[%clk 1:14:24]} 19. Rc2
{[%clk 0:10:28]} Nxe4 {[%clk 1:10:56]} 20. Qg7 {[%clk 0:09:41]} Rf8
{[%clk 1:11:21]} 21. Qxh7 {[%clk 0:08:15]} Kd7 {[%clk 1:08:06]} 22. Qh4
{[%clk 0:07:59]} Nf6 {[%clk 1:06:18]} 23. Rc3 {[%clk 0:06:21]} Rh8
{[%clk 1:04:09]} 24. Qf4 {[%clk 0:05:44]} Nd5 {[%clk 0:56:43]} 25. Qg4+
{[%clk 0:05:49]} f5 {[%clk 0:55:36]} 26. Qxg6 {[%clk 0:05:33]} Nxc3
{[%clk 0:56:02]} 27. Nxc3 {[%clk 0:05:49]} Rcf8 {[%clk 0:54:28]} 28. Nb1
{[%clk 0:04:39]} Rhg8 {[%clk 0:54:22]} 29. Qh6 {[%clk 0:04:35]} Qc6
{[%clk 0:54:27]} 30. Qf4 {[%clk 0:04:12]} e5 {[%clk 0:54:02]} 31. Nxe5+
{[%clk 0:03:06]} Nxe5 {[%clk 0:54:25]} 32. Kh1 {[%clk 0:02:33]} 0-1

[Event "WCO 2016"]
[Site "?"]
[Date "2016.09.11"]
[Round "9"]
[Board "17"]
[WhiteID "9000780"]
[White "Bahji Hind"]
[BlackID "5600502"]
[Black "Caruana Pulpan Oana"]
[Result "0-1"]
[BlackElo "1894"]
[WhiteElo "1948"]
[LiveChessVersion "1.4.8"]

1. d4 {[%clk 1:30:53]} f5 {[%clk 1:30:57]} 2. e4 {[%clk 1:30:55]} fxe4
{[%clk 1:31:09]} 3. Nc3 {[%clk 1:31:20]} Nf6 {[%clk 1:31:33]} 4. Bg5
{[%clk 1:31:37]} c6 {[%clk 1:31:57]} 5. Bxf6 {[%clk 1:28:15]} exf6
{[%clk 1:32:22]} 6. Nxe4 {[%clk 1:26:40]} d5 {[%clk 1:31:35]} 7. Ng3
{[%clk 1:23:13]} Bd6 {[%clk 1:28:21]} 8. Bd3 {[%clk 1:19:28]} O-O
{[%clk 1:26:59]} 9. Qh5 {[%clk 1:13:41]} Qe8+ {[%clk 1:26:47]} 10. Qxe8
{[%clk 1:13:48]} Rxe8+ {[%clk 1:27:13]} 11. N1e2 {[%clk 1:14:14]} Na6
{[%clk 1:24:54]} 12. Bxa6 {[%clk 1:06:43]} bxa6 {[%clk 1:25:21]} 13. O-O-O
{[%clk 1:01:25]} c5 {[%clk 1:10:15]} 14. dxc5 {[%clk 0:56:09]} Bxc5
{[%clk 1:10:26]} 15. f3 {[%clk 0:56:37]} Bb7 {[%clk 1:04:51]} 16. Nd4
{[%clk 0:52:29]} g6 {[%clk 1:04:25]} 17. c3 {[%clk 0:51:05]} Re7 {[%clk 0:57:09]}
18. Rhe1 {[%clk 0:40:16]} Rae8 {[%clk 0:57:18]} 19. Rxe7 {[%clk 0:37:47]} Rxe7
{[%clk 0:57:44]} 20. Nge2 {[%clk 0:33:10]} Kf7 {[%clk 0:52:38]} 21. Kd2
{[%clk 0:32:49]} f5 {[%clk 0:50:14]} 22. Re1 {[%clk 0:27:40]} Kf6
{[%clk 0:48:33]} 23. Nc1 {[%clk 0:26:01]} Rxe1 {[%clk 0:47:27]} 24. Kxe1
{[%clk 0:26:29]} f4 {[%clk 0:43:14]} 25. Nd3 {[%clk 0:25:19]} Bd6
{[%clk 0:43:34]} 26. Kd2 {[%clk 0:25:06]} g5 {[%clk 0:41:19]} 27. h3
{[%clk 0:23:30]} h5 {[%clk 0:40:56]} 28. b4 {[%clk 0:19:39]} Bc8 {[%clk 0:18:57]}
29. Nc6 {[%clk 0:16:57]} Bd7 {[%clk 0:19:01]} 30. Nxa7 {[%clk 0:15:21]} Bb8
{[%clk 0:19:17]} 31. Nc5 {[%clk 0:15:44]} Ke7 {[%clk 0:19:37]} 32. c4
{[%clk 0:04:02]} Bxa7 {[%clk 0:13:13]} 33. Nxd7 {[%clk 0:03:48]} Kxd7
{[%clk 0:13:32]} 34. cxd5 {[%clk 0:03:41]} Kd6 {[%clk 0:13:51]} 35. a4
{[%clk 0:03:38]} Kxd5 {[%clk 0:14:17]} 36. b5 {[%clk 0:03:19]} a5
{[%clk 0:14:16]} 0-1

[Event "WCO 2016"]
[Site "?"]
[Date "2016.09.11"]
[Round "9"]
[Board "18"]
[WhiteID "5600898"]
[White "Farrugia Jamie"]
[BlackID "9001727"]
[Black "Mayar ElIdrissi Firdaous"]
[Result "1/2-1/2"]
[BlackElo "1786"]
[WhiteElo "1617"]
[LiveChessVersion "1.4.8"]

1. e4 {[%clk 1:30:58]} e5 {[%clk 1:30:45]} 2. Nf3 {[%clk 1:31:23]} Nc6
{[%clk 1:30:47]} 3. Bc4 {[%clk 1:31:48]} h6 {[%clk 1:30:20]} 4. c3
{[%clk 1:31:24]} Nf6 {[%clk 1:30:40]} 5. d3 {[%clk 1:31:29]} d6 {[%clk 1:30:26]}
6. Be3 {[%clk 1:31:10]} Bg4 {[%clk 1:30:35]} 7. Nbd2 {[%clk 1:29:52]} Be7
{[%clk 1:30:34]} 8. h3 {[%clk 1:27:10]} Bh5 {[%clk 1:30:50]} 9. g4
{[%clk 1:20:38]} Bg6 {[%clk 1:31:02]} 10. Nh4 {[%clk 1:18:52]} Bh7
{[%clk 1:23:41]} 11. Nf5 {[%clk 1:14:14]} Bxf5 {[%clk 1:19:51]} 12. gxf5
{[%clk 1:10:02]} d5 {[%clk 1:14:31]} 13. exd5 {[%clk 0:46:42]} Nxd5
{[%clk 1:04:57]} 14. Qh5 {[%clk 0:40:36]} Qd7 {[%clk 0:56:19]} 15. O-O-O
{[%clk 0:37:10]} Na5 {[%clk 0:44:23]} 16. Nf3 {[%clk 0:30:18]} Bf6
{[%clk 0:35:38]} 17. Ng5 {[%clk 0:18:15]} Bxg5 {[%clk 0:31:28]} 18. Bxg5
{[%clk 0:18:22]} Nf6 {[%clk 0:18:00]} 19. Bxf6 {[%clk 0:15:53]} gxf6
{[%clk 0:18:28]} 20. Qg4 {[%clk 0:13:27]} O-O-O {[%clk 0:17:40]} 21. Qe4
{[%clk 0:08:49]} Rhg8 {[%clk 0:11:19]} 22. f4 {[%clk 0:04:56]} Rde8
{[%clk 0:08:47]} 23. Qd5 {[%clk 0:03:20]} Nxc4 {[%clk 0:06:56]} 24. Qxc4
{[%clk 0:03:40]} Qxf5 {[%clk 0:06:35]} 25. fxe5 {[%clk 0:03:35]} fxe5
{[%clk 0:05:50]} 26. Rdf1 {[%clk 0:03:34]} Qg5+ {[%clk 0:06:16]} 27. Kb1
{[%clk 0:03:40]} f5 {[%clk 0:05:07]} 28. Qc5 {[%clk 0:02:04]} Kb8
{[%clk 0:04:15]} 29. Rfg1 {[%clk 0:01:10]} Qf6 {[%clk 0:04:29]} 30. Qd5
{[%clk 0:01:08]} Rxg1+ {[%clk 0:04:27]} 31. Rxg1 {[%clk 0:01:36]} c6
{[%clk 0:03:45]} 32. Qd7 {[%clk 0:01:08]} Qe6 {[%clk 0:02:58]} 33. Qg7
{[%clk 0:00:52]} Re7 {[%clk 0:03:24]} 34. Qf8+ {[%clk 0:01:03]} Kc7 35. Rg8
{[%clk 0:01:17]} Kb6 {[%clk 0:03:25]} 36. Qd8+ {[%clk 0:01:14]} Ka6
{[%clk 0:03:54]} 37. b4 {[%clk 0:01:08]} b6 {[%clk 0:02:23]} 38. c4
{[%clk 0:00:45]} Qd7 {[%clk 0:01:59]} 39. Qxd7 {[%clk 0:00:34]} Rxd7
{[%clk 0:02:28]} 40. Kc2 {[%clk 0:30:57]} f4 {[%clk 0:31:09]} 41. Re8
{[%clk 0:27:39]} Rg7 {[%clk 0:25:08]} 42. Rxe5 {[%clk 0:23:39]} Rg2+
{[%clk 0:25:09]} 43. Kc3 {[%clk 0:23:52]} f3 {[%clk 0:19:20]} 44. Rf5
{[%clk 0:23:27]} f2 {[%clk 0:17:34]} 45. Kd4 {[%clk 0:21:03]} Rh2
{[%clk 0:17:38]} 46. Rf3 {[%clk 0:18:32]} Kb7 47. Ke5 {[%clk 0:11:59]} Rxh3
{[%clk 0:10:23]} 48. Rxf2 {[%clk 0:12:06]} 1/2-1/2

[Event "WCO 2016"]
[Site "?"]
[Date "2016.09.11"]
[Round "9"]
[Board "19"]
[WhiteID "9002375"]
[White "Alaoui Belghiti Chaimaa"]
[BlackID "5600804"]
[Black "Psaila Uranchimeg"]
[Result "1/2-1/2"]
[BlackElo "1483"]
[WhiteElo "1654"]
[LiveChessVersion "1.4.8"]

1. c4 {[%clk 1:30:47]} c5 {[%clk 1:30:34]} 2. Nc3 {[%clk 1:31:07]} g6
{[%clk 1:30:27]} 3. g3 {[%clk 1:31:33]} Bg7 {[%clk 1:30:41]} 4. Bg2
{[%clk 1:31:56]} Nc6 {[%clk 1:30:45]} 5. Nf3 {[%clk 1:32:20]} d6 {[%clk 1:30:37]}
6. O-O {[%clk 1:32:22]} Bf5 {[%clk 1:29:32]} 7. d3 {[%clk 1:29:20]} Qd7
{[%clk 1:27:25]} 8. e3 {[%clk 1:28:56]} Bh3 {[%clk 1:24:54]} 9. Nd5
{[%clk 1:28:04]} Bxg2 {[%clk 1:22:43]} 10. Kxg2 {[%clk 1:28:27]} Nf6
{[%clk 1:21:46]} 11. Nc3 {[%clk 1:26:54]} O-O {[%clk 1:21:38]} 12. a3
{[%clk 1:26:52]} a6 {[%clk 1:18:20]} 13. Na4 {[%clk 1:26:02]} Qc7
{[%clk 1:17:59]} 14. Nc3 {[%clk 1:26:08]} Rfb8 {[%clk 1:16:40]} 15. a4
{[%clk 1:19:16]} Qd7 {[%clk 1:10:00]} 16. h3 {[%clk 1:14:13]} Ne8
{[%clk 1:08:05]} 17. Ng5 {[%clk 1:13:41]} h6 {[%clk 1:04:09]} 18. Nf3
{[%clk 1:13:38]} Nc7 {[%clk 1:02:33]} 19. Nh4 {[%clk 1:09:00]} b5
{[%clk 0:54:49]} 20. axb5 {[%clk 1:08:12]} axb5 {[%clk 0:55:06]} 21. Rxa8
{[%clk 1:08:09]} Rxa8 {[%clk 0:55:12]} 22. Nxb5 {[%clk 1:06:09]} Nxb5
{[%clk 0:53:53]} 23. cxb5 {[%clk 1:05:59]} Nb4 {[%clk 0:53:59]} 24. Qb3
{[%clk 0:59:23]} e6 {[%clk 0:50:19]} 25. d4 {[%clk 0:58:14]} Qxb5
{[%clk 0:48:01]} 26. dxc5 {[%clk 0:57:26]} Qxc5 {[%clk 0:47:45]} 27. Rd1
{[%clk 0:55:38]} d5 {[%clk 0:46:12]} 28. Rf1 {[%clk 0:54:01]} Nc6
{[%clk 0:41:27]} 29. Qd1 {[%clk 0:45:46]} Rb8 {[%clk 0:39:33]} 30. Qe2
{[%clk 0:45:14]} Qb4 {[%clk 0:31:41]} 31. Qc2 {[%clk 0:42:22]} Qe4+
{[%clk 0:25:54]} 32. Qxe4 {[%clk 0:41:52]} dxe4 {[%clk 0:26:16]} 33. Kg1
{[%clk 0:41:50]} Bxb2 {[%clk 0:25:54]} 34. Bxb2 {[%clk 0:42:15]} Rxb2
{[%clk 0:26:12]} 35. Ng2 {[%clk 0:41:28]} Ne5 {[%clk 0:23:35]} 36. Nf4
{[%clk 0:41:33]} Nf3+ {[%clk 0:20:37]} 37. Kg2 {[%clk 0:41:26]} Kg7
{[%clk 0:18:02]} 38. h4 {[%clk 0:39:48]} g5 {[%clk 0:11:41]} 39. hxg5
{[%clk 0:38:04]} hxg5 {[%clk 0:11:52]} 40. Nh3 {[%clk 1:05:52]} g4
{[%clk 0:39:34]} 41. Nf4 {[%clk 1:06:03]} e5 {[%clk 0:35:11]} 42. Nd5
{[%clk 1:03:35]} Kg6 {[%clk 0:33:30]} 43. Ne7+ {[%clk 1:03:24]} Kg5
{[%clk 0:27:08]} 44. Nc8 {[%clk 1:00:25]} f5 {[%clk 0:25:28]} 45. Nd6
{[%clk 1:00:49]} Rd2 {[%clk 0:21:41]} 46. Nf7+ {[%clk 0:58:03]} Kf6
{[%clk 0:19:27]} 47. Nh6 {[%clk 0:57:49]} Rd8 {[%clk 0:17:56]} 48. Ra1
{[%clk 0:57:03]} Rd6 {[%clk 0:13:06]} 49. Rh1 {[%clk 0:53:19]} Kg6
{[%clk 0:09:04]} 50. Ng8 {[%clk 0:49:29]} Kg7 {[%clk 0:06:22]} 51. Ne7
{[%clk 0:47:05]} Rf6 {[%clk 0:06:01]} 52. Nd5 {[%clk 0:42:22]} Rh6
{[%clk 0:05:24]} 53. Rxh6 {[%clk 0:40:34]} Kxh6 {[%clk 0:05:46]} 1/2-1/2